000
00288nam a2200121Ia 4500
008
190723s9999 xx 000 0 und d
020
_a
978-81-309-3160-9
100
_a
Anil Kumar
245
0
_a
Biochemical Tests
260
_a
New delhi
_b
Viva Books
_c
2015
300
_a
404.:p
942
_c
BK
999
_c
1665
_d
1665